Limiting Central Bank Credit to the Government Theory and Practice
Gespeichert in:
| 1. Verfasser: | |
|---|---|
| Format: | Buch |
| Sprache: | Englisch |
| Veröffentlicht: |
Washington
International Monetary Fund
1993
|
| Ausgabe: | 1. ed. |
| Schriftenreihe: | Occasional Paper
No. 110 |
| Schlagworte: | |
| Tags: |
Keine Tags, Fügen Sie das erste Tag hinzu!
|
MARC
| LEADER | 00000nam a2200000 4500 | ||
|---|---|---|---|
| 001 | c021378 | ||
| 005 | 20221206074655.6 | ||
| 020 | |a 1-55775-358-X | ||
| 041 | 0 | |a eng | |
| 044 | |a US | ||
| 245 | 1 | 0 | |a Limiting Central Bank Credit to the Government |b Theory and Practice |c Carlo Cottarelli |
| 250 | |a 1. ed. | ||
| 264 | 1 | |a Washington |b International Monetary Fund |c 1993 | |
| 300 | |a 57 s. | ||
| 490 | 1 | |a Occasional Paper |v No. 110 | |
| 830 | 0 | |a Occasional Paper |v No. 110 | |
| 610 | 2 | 0 | |a banky |
| 610 | 2 | 0 | |a banky centrálne |
| 610 | 2 | 0 | |a úver bankový |
| 610 | 2 | 0 | |a limity úverové |
| 610 | 2 | 0 | |a vláda |
| 610 | 2 | 0 | |a kontrola banková |
| 610 | 2 | 0 | |a inflácia |
| 610 | 2 | 0 | |a nezávislosť |
| 610 | 2 | 0 | |a financie |
| 610 | 2 | 0 | |a financovanie |
| 610 | 2 | 0 | |a trh finančný |
| 610 | 2 | 0 | |a pôžičky zahraničné |
| 610 | 2 | 0 | |a devízy |
| 610 | 2 | 0 | |a modely |
| 100 | 1 | |a Cottarelli, Carlo | |